Szczegóły MARC21

Ukrainsko-russkij slovar' T.3, O - Podarunocok /

005 -DATA I CZAS OSTATNIEJ MODYFIKACJI [,]
    • @
    • pole kontrolne
    • 20070315155141.9
040 -Instytucja sporządzająca opis [ , ]
    • a
    • Instytucja, która sporządziła opis (NP)
    • SZCZ U
    • c
    • Instytucja, która sporządziła rekord (NP)
    • SZCZ U
942 -Rodzaj dokumentu [ , ]
    • c
    • Rodzaj dokumentu
    • Książka
245 -Strefa tytułu i oznaczenia odpowiedzialności [0, ]
    • a
    • Tytuł
    • Ukrainsko-russkij slovar' Find
    • n
    • Oznaczenie części (P)
    • T.3,
    • p
    • Nazwa części (P)
    • O - Podarunocok /
    • c
    • Pozostałe elementy strefy tytułu i oznaczenia odpowiedzialności (NP)
    • glavnyj red. I.N.Kiricenko ; Akademiâ Nauk Ukrainskoj SSR. Institut âzykoznaniâ im. A.A.Potebni.
260 -Strefa adresu wydawniczego [ , ]
    • a
    • Miejsce wydania (P)
    • Kiev :
    • b
    • Nazwa wydawcy (P)
    • Izdatel'stvo Akademii Nauk Ukrainskoj SSR,
    • c
    • Data wydania (P)
    • 1961.
300 -Strefa opisu fizycznego [ , ]
    • a
    • Określenie formy książki i/lub objętość (NP)
    • XVI, 528 s :
    • c
    • Format (NP)
    • 27 cm.
500 -Uwaga ogólna [ , ]
    • a
    • Uwaga ogólna (NP)
    • Err
080 -Uniwersalna Klasyfikacja Dziesiętna [ , ]
    • a
    • Symbol klasyfikacji
    • 808.3::808.2-3
980 -Symbol UKD [ , ]
    • a
    • UKD
    • 808.3::808.2-3
700 -Hasło dodatkowe - nazwa osobowa [ , ]
    • a
    • Nazwa osobowa (NP)
    • Kiricenko Il'â Nikitovic Find
Status udost. Data inwentaryzacji Sygnatura Lokalizacja Numer inwentarzowy
12006-02-10UKR. Słowniki dwujęzyczne 06BMP.19987